000 011230000a22002170004500
001 768714001
003 CO-MdFUSB
005 20161124123525.0
008 161124s1998 sp ||||| |||| 00| 0 spa d
022 _a0014-1437
040 _aCO-MdFUSB
_bspa
_cCO-MdFUSB
_dCO-MdFUSB
041 _aspa
100 1 _aAlonso García, Rosa María
_eautor
245 1 0 _aEx 34:10-28 :
_bUn Estudio histórico-literario
300 _aVolumen 56. Número 4 (1998), Páginas 433-464
_c23 cm.
520 _aLa fraseología y el vocabulario, la terminología jurídica y el contenido normativo de Ex 34:10-28 muestran que el pasaje procede de dos estratos socioculturales antiguos: uno originarios de poblaciones sedentarias y otro sin connotaciones agracias. Estas tradiciones normativas se fusionaron y formaron un pequeño código cultual. Posteriormente éste fue reemplazado por la tradición deuteronomista y enmarcado en un contexto narrativo de alianza.
546 _aTexto en Español
653 _aÉxodo
773 0 _tEstudios Bíblicos
_049452
_960471
_gVolumen 56. Número 4 (1998), Páginas 433-464
_qPágina 433
942 _cANA
999 _c50204
_d50204